Djalankan pantja-program front nasional! (Record no. 60286)

MARC details
000 -LEADER
fixed length control field 00677cam a22001931 4500
001 - CONTROL NUMBER
control field sa 64007487
003 - CONTROL NUMBER IDENTIFIER
control field DLC
005 - DATE AND TIME OF LATEST TRANSACTION
control field 20260227112047.0
008 - FIXED-LENGTH DATA ELEMENTS--GENERAL INFORMATION
fixed length control field 890913s1963 io 000 0 ind
010 ## - LIBRARY OF CONGRESS CONTROL NUMBER
LC control number sa 64007487
035 ## - SYSTEM CONTROL NUMBER
System control number (OCoLC)23536749
040 ## - CATALOGING SOURCE
Original cataloging agency DLC
Transcribing agency MiU
Modifying agency DLC
042 ## - AUTHENTICATION CODE
Authentication code premarc
050 00 - LIBRARY OF CONGRESS CALL NUMBER
Classification number DS644.2 1963
Item number .S93
100 0# - MAIN ENTRY--PERSONAL NAME
Personal name Soekarno,
Dates associated with a name 1901-1970.
245 10 - TITLE STATEMENT
Title Djalankan pantja-program front nasional!
Remainder of title Amanat Sockarno pada pembukaan sidang bersama pengurus besar dengan pengurus dacrah front nasional seluruh Indonesia, tanggal 13 Pebruari 1963, di Istana Olahraga, Senajan, Djakarta.
260 ## - PUBLICATION, DISTRIBUTION, ETC.
Place of publication, distribution, etc. Medan,
Name of publisher, distributor, etc. Harris
Date of publication, distribution, etc. [1963?]
300 ## - PHYSICAL DESCRIPTION
Extent 32 p.
Dimensions 22 cm.

No items available.

Powered by Koha